000 00821cab a22001935a 4500
001 L148238
008 090821e20090509xxk 000 0 eng d
035 _a(Sirsi) u148238
041 0 _aeng
110 2 _aHome Builders Federation
_94896
245 0 0 _aHBF Regional Survey of House Builders
260 _c2009
490 _aHousing Market Report
_vMay 2009, 7-11(5)
520 _aAn exclusive report presents the results from the April 2009 Home Builders Federation regional survey of home builders. The report shows that there was an increase on last year in visitors and net reservations in April 2009, with April's visitor balance the first positive result since December 2006.
590 _aKA
651 4 _aUnited Kingdom
_y
690 _aPROPERTY-RESIDENTIAL PROPERTY-RESIDENTIAL PROPERTY MARKET
942 _n0
999 _c81761
_d81761